<?xml version="1.0" encoding="UTF-8"?>
<record
    xmlns:xsi="http://www.w3.org/2001/XMLSchema-instance"
    xsi:schemaLocation="http://www.loc.gov/MARC21/slim http://www.loc.gov/standards/marcxml/schema/MARC21slim.xsd"
    xmlns="http://www.loc.gov/MARC21/slim">

  <leader>01044nam a2200217 i 4500</leader>
  <controlfield tag="001">182382</controlfield>
  <controlfield tag="003">ES-MaACL</controlfield>
  <controlfield tag="005">20240424091328.0</controlfield>
  <controlfield tag="008">130807q19201930sp           |||| | spa d</controlfield>
  <datafield tag="245" ind1="0" ind2="0">
    <subfield code="a">Poetas l&#xED;ricos rom&#xE1;nticos. </subfield>
    <subfield code="p">I.</subfield>
  </datafield>
  <datafield tag="260" ind1=" " ind2=" ">
    <subfield code="a">Madrid : </subfield>
    <subfield code="b">Bruno del Amo, </subfield>
    <subfield code="c">[192-?]</subfield>
  </datafield>
  <datafield tag="300" ind1=" " ind2=" ">
    <subfield code="a">94 p. ; </subfield>
    <subfield code="c">16 cm.</subfield>
  </datafield>
  <datafield tag="490" ind1="1" ind2=" ">
    <subfield code="a">Letras espa&#xF1;olas: colecci&#xF3;n de obras selectas de nuestros autores cl&#xE1;sicos / publicado bajo la direcci&#xF3;n de Juan Hurtado y J. de la Serna y Angel Gonz&#xE1;lez Palencia ; </subfield>
    <subfield code="v">16</subfield>
  </datafield>
  <datafield tag="596" ind1=" " ind2=" ">
    <subfield code="a">En cubierta: Editorial Voluntad.</subfield>
  </datafield>
  <datafield tag="600" ind1="1" ind2="4">
    <subfield code="a">Hurtado y J. de la Serna, Juan.</subfield>
    <subfield code="9">153193</subfield>
  </datafield>
  <datafield tag="600" ind1="0" ind2="4">
    <subfield code="a">Gonzalea Palencia, Angel.</subfield>
    <subfield code="9">58266</subfield>
  </datafield>
  <datafield tag="650" ind1=" " ind2="4">
    <subfield code="a">Poes&#xED;a espa&#xF1;ola-</subfield>
    <subfield code="y">S.XIX</subfield>
    <subfield code="9">16217</subfield>
  </datafield>
  <datafield tag="830" ind1="0" ind2=" ">
    <subfield code="a">Letras espa&#xF1;olas: colecci&#xF3;n de obras selectas de nuestros autores cl&#xE1;sicos / publicado bajo la direcci&#xF3;n de Juan Hurtado y J. de la Serna y Angel Gonz&#xE1;lez Palencia ; </subfield>
    <subfield code="v">16</subfield>
    <subfield code="9">224829</subfield>
  </datafield>
  <datafield tag="852" ind1=" " ind2=" ">
    <subfield code="a">ES-MaACL</subfield>
    <subfield code="j">2321-F-7 </subfield>
    <subfield code="z">.- Donat. herederos de la bibl. de M&#xAA; del Pilar Costa Palac&#xED;n</subfield>
  </datafield>
  <datafield tag="999" ind1=" " ind2=" ">
    <subfield code="c">182382</subfield>
    <subfield code="d">182382</subfield>
  </datafield>
  <datafield tag="952" ind1=" " ind2=" ">
    <subfield code="0">0</subfield>
    <subfield code="1">0</subfield>
    <subfield code="4">0</subfield>
    <subfield code="7">0</subfield>
    <subfield code="8">Colecci&#xF3;n_de_folletos</subfield>
    <subfield code="a">ATENEOM</subfield>
    <subfield code="b">ATENEOM</subfield>
    <subfield code="c">DEPOF</subfield>
    <subfield code="d">2013-08-07</subfield>
    <subfield code="e">DON</subfield>
    <subfield code="l">0</subfield>
    <subfield code="o">2321-F-7</subfield>
    <subfield code="p">1191660</subfield>
    <subfield code="r">2023-02-23 00:00:00</subfield>
    <subfield code="w">2023-02-23</subfield>
    <subfield code="y">FOLLETOS</subfield>
  </datafield>
</record>
